000 00702nam a22001937a 4500
003 NUST-PNEC
005 20170116180711.0
008 141010b xxu||||| |||| 00| 0 eng d
020 _a0434919683
040 _cPNEC
082 _a621.38153 TOO
100 _9539
_aTooley, Michael
245 _aElectronic circuits handbook : design, testing and construction
_cMichael Tooley
260 _aNew Delhi
_bThomson Press(India)Ltd.
_c1988.
300 _a277 pages :
_b illustrations ;
_c 25 cm
500 _aIncludes Index http://www.amazon.com/Electronic-Circuits-Handbook-Michael-Tooley/dp/0434919683/ref=sr_1_1?s=books&ie=UTF8&qid=1412919716&sr=1-1&keywords=0434919683
650 _xEL
942 _2ddc
_cBK
999 _c60959
_d60959